[Event "46th Rilton Cup 2016-17"]
[Site "Stockholm SWE"]
[Date "2016.12.28"]
[Round "2.43"]
[White "Carlsson, Ludvig"]
[Black "Bergstrom, Rolf"]
[Result "1/2-1/2"]
[BlackTitle "FM"]
[WhiteElo "2073"]
[BlackElo "2290"]
[WhiteFideId "1727010"]
[BlackFideId "1702386"]
[EventDate "2016.12.27"]

1. d4 d6 2. e4 Nf6 3. Nc3 e5 4. dxe5 dxe5 5. Qxd8+ Kxd8 6. Bc4 Ke8 7. Nf3 Bd6 8.
Bg5 Nbd7 9. O-O-O a6 10. Rhe1 h6 11. Bh4 Kf8 12. Nd5 Nxd5 13. Bxd5 Nb6 14. Bb3
Bg4 15. Rd3 g5 16. Bg3 f6 17. Nd2 Ke7 18. f3 Bh5 19. Nf1 Bc5 20. Ne3 Bxe3+ 21.
Rexe3 c5 22. Bd5 Nxd5 23. Rxd5 b6 24. Red3 Rhd8 25. Rxd8 Rxd8 26. Rxd8 Kxd8 27.
h3 Bf7 28. b3 Kd7 29. Kd2 Kc6 30. c4 Be6 1/2-1/2

[Event "46th Rilton Cup 2016-17"]
[Site "Stockholm SWE"]
[Date "2016.12.28"]
[Round "2.44"]
[White "Haug, Johannes"]
[Black "Dahl, Trygve"]
[Result "0-1"]
[WhiteTitle "FM"]
[WhiteElo "2287"]
[BlackElo "2140"]
[WhiteFideId "1509268"]
[BlackFideId "1513427"]
[EventDate "2016.12.27"]

1. e4 Nf6 2. e5 Nd5 3. d4 Nb6 4. Nf3 d6 5. Be2 g6 6. O-O Bg7 7. exd6 cxd6 8. c4
O-O 9. Nc3 Nc6 10. Be3 Bg4 11. b3 d5 12. c5 Nc8 13. Rb1 e6 14. b4 Bxf3 15. Bxf3
Qh4 16. Ne2 a6 17. Qd2 h6 18. g3 Qf6 19. Bg2 Kh7 20. f4 N8e7 21. g4 Ng8 22. Rbd1
Qd8 23. h3 Nf6 24. Ng3 b5 25. g5 Ng8 26. a3 Ra7 27. Ra1 Qc7 28. h4 Nge7 29. Qd3
hxg5 30. hxg5 Rfa8 31. Rfb1 a5 32. bxa5 Rxa5 33. Ne2 Nf5 34. Bf2 b4 35. Rb3 Rxa3
36. Rbxa3 Rxa3 37. Rxa3 bxa3 38. Qxa3 Ncxd4 39. Nxd4 Nxd4 40. Be3 Nc2 41. Qd3
Nxe3 42. Qxe3 Bf8 43. Kh2 Bxc5 44. Qf3 Bd6 45. Kg3 Qc5 46. Kg4 Qc2 47. Kg3 Bb4
48. Bf1 Be1+ 49. Kh3 Qf5+ 50. Kg2 Bd2 51. Kg3 e5 52. fxe5 Qxe5+ 53. Kf2 Kg7 54.
Be2 Bxg5 55. Kg2 Be7 56. Bd3 Bd6 57. Kf1 Qf4 0-1

[Event "46th Rilton Cup 2016-17"]
[Site "Stockholm SWE"]
[Date "2016.12.28"]
[Round "2.45"]
[White "Emmoth, Alfons"]
[Black "Morrison, Graham SCO"]
[Result "1/2-1/2"]
[BlackTitle "FM"]
[WhiteElo "2041"]
[BlackElo "2283"]
[WhiteFideId "1718266"]
[BlackFideId "2400090"]
[EventDate "2016.12.27"]

1. d4 Nf6 2. c4 e6 3. Nf3 d5 4. Nc3 Bb4 5. Qa4+ Nc6 6. Bg5 h6 7. Bxf6 Qxf6 8. e3
O-O 9. Rc1 dxc4 10. Bxc4 a6 11. O-O Bd7 12. Qc2 Bd6 13. Rfd1 Rfd8 14. Ne4 Qe7
15. Nxd6 cxd6 16. d5 exd5 17. Bxd5 Nb4 18. Qb3 Nxd5 19. Qxd5 Bc6 20. Qf5 Bxf3
21. Qxf3 Rac8 22. g3 Rxc1 23. Rxc1 d5 24. Qf4 g5 25. Qd4 Qd6 26. Rd1 f5 27. Rd2
Kf7 28. Kf1 Qf6 29. Ke2 Qxd4 30. Rxd4 Ke6 1/2-1/2

[Event "46th Rilton Cup 2016-17"]
[Site "Stockholm SWE"]
[Date "2016.12.28"]
[Round "2.46"]
[White "Nielsen, Hogni Egilstoft"]
[Black "Svorono, Gabriel"]
[Result "1-0"]
[WhiteTitle "FM"]
[WhiteElo "2262"]
[BlackElo "2094"]
[WhiteFideId "7200404"]
[BlackFideId "1715623"]
[EventDate "2016.12.27"]

1. e4 e6 2. d4 d5 3. Nd2 Nf6 4. e5 Nfd7 5. Bd3 c5 6. c3 Nc6 7. Ne2 cxd4 8. cxd4
f6 9. Nf4 Nxd4 10. Qh5+ Ke7 11. exf6+ Nxf6 12. Ng6+ hxg6 13. Qxh8 Kf7 14. Qh4 e5
15. Nf3 Nxf3+ 16. gxf3 Bf5 17. Bxf5 gxf5 18. Bg5 Qa5+ 19. Kf1 Be7 20. Kg2 d4 21.
Rac1 Rd8 22. a3 Nd5 23. Qh5+ Kg8 24. Rhg1 Qb6 25. Kh1 Bxg5 26. Qxg5 Qf6 27. Qxf6
Nxf6 28. Rc7 Rd7 29. Rxd7 Nxd7 30. Rd1 f4 31. Rc1 Kf7 32. Kg2 Ke6 33. Rc7 1-0

[Event "46th Rilton Cup 2016-17"]
[Site "Stockholm SWE"]
[Date "2016.12.28"]
[Round "2.47"]
[White "Babikov, Ivan"]
[Black "Petersson, Baldur Teodor"]
[Result "1/2-1/2"]
[WhiteTitle "FM"]
[WhiteElo "2259"]
[BlackElo "2074"]
[WhiteFideId "4161106"]
[BlackFideId "2309157"]
[EventDate "2016.12.27"]

1. e4 c5 2. Nf3 e6 3. d4 cxd4 4. Nxd4 a6 5. Be2 b6 6. O-O Bb7 7. Nc3 Qc7 8. f4
d6 9. f5 e5 10. Nb3 Nf6 11. Nd5 Nxd5 12. exd5 Nd7 13. c4 Be7 14. Be3 g6 15. Nd2
Nf6 16. Bg5 Nxd5 17. f6 Bxf6 18. Rxf6 Nxf6 19. Bxf6 O-O 20. Ne4 Bxe4 21. Qd2
Qc5+ 22. Kf1 Qc8 23. Kg1 Qc5+ 24. Kf1 Qc8 25. Kg1 Qc5+ 1/2-1/2

[Event "46th Rilton Cup 2016-17"]
[Site "Stockholm SWE"]
[Date "2016.12.28"]
[Round "2.48"]
[White "Henderson de La Fuente, Andrea"]
[Black "Betaneli, Alexander"]
[Result "1/2-1/2"]
[BlackTitle "FM"]
[WhiteElo "2019"]
[BlackElo "2252"]
[WhiteFideId "32096577"]
[BlackFideId "2012359"]
[EventDate "2016.12.27"]

1. e4 d5 2. exd5 Qxd5 3. Nc3 Qd6 4. Bc4 Nf6 5. d3 c6 6. Nge2 b5 7. Bb3 a5 8. a3
a4 9. Ba2 e6 10. O-O Be7 11. Ng3 Qc7 12. Nce4 Nbd7 13. f4 g6 14. Be3 O-O 15. f5
Nxe4 16. dxe4 Ne5 17. Qe2 Bd7 18. Rad1 Rfd8 19. Bf4 Be8 20. fxe6 f6 21. Kh1 Rxd1
22. Rxd1 Rd8 23. Rf1 Qd6 24. Be3 Nc4 25. Bxc4 bxc4 26. Qxc4 Qe5 27. c3 Qb5 28.
Qxb5 cxb5 29. Bd4 Kg7 30. Ne2 Bc6 31. e5 f5 32. Nf4 Bb7 33. Kg1 Bc8 34. g4 fxg4
35. Nh5+ gxh5 36. Rf7+ Kg6 37. Rxe7 Rf8 38. Kg2 h4 39. Bc5 h5 40. Rc7 Re8 41. e7
Kf5 42. Bd6 Be6 43. Kf2 h3 44. Rc5 Bc4 45. Kg3 Rg8 46. e6+ Kxe6 47. Re5+ Kd7 48.
Bc5 Bf7 49. Bf2 Be6 50. Rxh5 Kxe7 51. Rxb5 Bd7 52. Rb4 Rc8 53. Bd4 Kd6 54. Bf2
Rf8 55. Rf4 Rxf4 1/2-1/2

[Event "46th Rilton Cup 2016-17"]
[Site "Stockholm SWE"]
[Date "2016.12.28"]
[Round "2.49"]
[White "Sadhwani, Raunak"]
[Black "Berglind, Axel"]
[Result "1/2-1/2"]
[WhiteTitle "CM"]
[WhiteElo "2246"]
[BlackElo "2043"]
[WhiteFideId "35093487"]
[BlackFideId "1720228"]
[EventDate "2016.12.27"]

1. e4 c5 2. Nf3 d6 3. d4 cxd4 4. Nxd4 Nf6 5. Nc3 a6 6. Bg5 e6 7. f4 Qb6 8. Qd2
Qxb2 9. Rb1 Qa3 10. e5 dxe5 11. fxe5 Nfd7 12. Ne4 Qa4 13. Nd6+ Bxd6 14. exd6 Nc6
15. Nxc6 Qxc6 16. Rb3 Nf6 17. Bxf6 gxf6 18. Be2 Qd5 19. Qxd5 exd5 20. O-O b5 21.
Ra3 b4 22. Ra5 Be6 23. Rf4 Kd7 24. Rxb4 Kxd6 25. Rb6+ Kc7 26. Rbxa6 Rxa6 27.
Rxa6 Rb8 28. Bd3 h6 29. Kf2 Rb4 30. a3 Rb2 31. Ke3 Kb7 32. Ra4 Ra2 33. Kd2 Kc6
34. Rf4 f5 35. a4 Kd6 36. g3 Ke5 37. Kc3 d4+ 38. Kb4 Bd7 39. Kb3 Be6+ 40. Kb4
Bd7 41. Kb3 Be6+ 42. c4 dxc3+ 43. Kxc3 Rxh2 44. a5 Ra2 45. Kb4 Bd7 46. a6 Bc8
47. Kb3 Ra1 48. Rf1 Rxf1 49. Bxf1 Bxa6 50. Bxa6 f4 51. gxf4+ Kxf4 52. Kc2 Kg3
53. Bc8 h5 54. Kd3 h4 55. Ke4 h3 56. Kf5 h2 57. Bb7 1/2-1/2

[Event "46th Rilton Cup 2016-17"]
[Site "Stockholm SWE"]
[Date "2016.12.28"]
[Round "2.50"]
[White "Darnell, Anton"]
[Black "Wiander, Michael"]
[Result "0-1"]
[BlackTitle "CM"]
[WhiteElo "2002"]
[BlackElo "2246"]
[WhiteFideId "1720244"]
[BlackFideId "1702580"]
[EventDate "2016.12.27"]

1. d4 Nf6 2. Bf4 e6 3. Nf3 d5 4. e3 Be7 5. h3 Nbd7 6. Bd3 Ne4 7. Nbd2 f5 8. Ne5
Nxe5 9. Bxe5 Nxd2 10. Qxd2 Bd6 11. Bxd6 Qxd6 12. Qe2 e5 13. dxe5 Qxe5 14. c4 Be6
15. O-O O-O 16. Rfd1 Kh8 17. Rac1 Rae8 18. Qh5 c6 19. b3 Rd8 20. Qh4 Rde8 21.
Qd4 Qxd4 22. exd4 f4 23. c5 f3 24. Re1 fxg2 25. Re3 Bd7 26. Rce1 Kg8 27. Rxe8
Rxe8 28. Rxe8+ Bxe8 29. Kxg2 Kf7 30. Kg3 Kf6 31. b4 h6 32. a4 a6 33. h4 h5 34.
Kf4 g6 35. Bf1 Bd7 36. f3 Bc8 37. Kg3 Bd7 38. Bh3 Bxh3 39. Kxh3 Kf5 40. Kg3 g5
41. hxg5 Kxg5 42. f4+ Kf5 43. Kf3 h4 44. a5 h3 45. Kg3 h2 0-1

[Event "46th Rilton Cup 2016-17"]
[Site "Stockholm SWE"]
[Date "2016.12.28"]
[Round "2.51"]
[White "Kucuksari, Kaan"]
[Black "Vrtiakova, Anna"]
[Result "1-0"]
[BlackTitle "WFM"]
[WhiteElo "2243"]
[BlackElo "2010"]
[WhiteFideId "6380166"]
[BlackFideId "14927870"]
[EventDate "2016.12.27"]

1. d4 d5 2. Nf3 Nf6 3. c4 e6 4. g3 dxc4 5. Bg2 a6 6. O-O b5 7. a4 Bb7 8. b3 Nbd7
9. bxc4 bxc4 10. Na3 c5 11. Nxc4 Be7 12. Nfe5 Bxg2 13. Kxg2 Qc7 14. Kg1 cxd4 15.
Bf4 Nd5 16. Qxd4 Nxf4 17. gxf4 Nc5 18. Qe3 O-O 19. Rfd1 Rab8 20. Qf3 Rfc8 21.
Rac1 g6 22. a5 Rb3 23. Qg4 Rd8 24. Rxd8+ Bxd8 25. Nb6 Qd6 26. e3 Bxb6 27. axb6
Qxb6 28. Qd1 Rb5 29. Ng4 Ne4 30. Qd3 Qb7 31. Qxe4 Qxe4 32. Nf6+ Kg7 33. Nxe4 a5
34. Rc7 Rd5 35. Ng5 Kg8 36. Nxf7 a4 37. Ra7 Rd1+ 38. Kg2 Ra1 39. Ng5 a3 40. Nxe6
Ra2 41. Nd4 Ra1 42. Nc2 1-0

[Event "46th Rilton Cup 2016-17"]
[Site "Stockholm SWE"]
[Date "2016.12.28"]
[Round "2.52"]
[White "Cramling Bellon, Anna"]
[Black "Rydstrom, Tom"]
[Result "0-1"]
[BlackTitle "FM"]
[WhiteElo "1970"]
[BlackElo "2239"]
[WhiteFideId "32009232"]
[BlackFideId "1714830"]
[EventDate "2016.12.27"]

1. d4 Nf6 2. c4 e6 3. Nc3 Bb4 4. Qc2 Nc6 5. Nf3 d6 6. Bg5 h6 7. Bd2 e5 8. dxe5
dxe5 9. e3 O-O 10. O-O-O Qe7 11. h3 a5 12. g4 Rd8 13. Be2 e4 14. Nh4 a4 15. a3
Bxc3 16. Bxc3 Rxd1+ 17. Rxd1 Be6 18. Ng2 b5 19. Bxf6 Qxf6 20. Qxe4 Bxc4 21. Bxc4
bxc4 22. Qxc4 Rb8 23. Qc2 Na5 24. Nf4 Nc4 25. Nd3 Nb6 26. Nb4 Qe6 27. Nc6 Re8
28. Rd8 Rxd8 29. Nxd8 Qd5 30. Qxc7 Nc4 31. Qb8 Kh7 32. f4 Qh1+ 33. Kc2 Nxe3+ 34.
Kd3 Nd1 35. Qe5 Qxh3+ 36. Kd2 Qxg4 37. Qe4+ f5 38. Qxa4 Nxb2 39. Kc3 Nxa4+ 0-1

[Event "46th Rilton Cup 2016-17"]
[Site "Stockholm SWE"]
[Date "2016.12.29"]
[Round "3.2"]
[White "Liang, Awonder"]
[Black "Sasikiran, Krishnan"]
[Result "1/2-1/2"]
[WhiteTitle "IM"]
[BlackTitle "GM"]
[WhiteElo "2495"]
[BlackElo "2661"]
[WhiteFideId "2056437"]
[BlackFideId "5004985"]
[EventDate "2016.12.27"]

1. e4 c5 2. c3 d5 3. exd5 Qxd5 4. d4 g6 5. Nf3 Bg7 6. Na3 cxd4 7. Bc4 Qe4+ 8.
Be3 Nh6 9. cxd4 O-O 10. Nb5 Nf5 11. Qb3 Qg4 12. O-O Nc6 13. Be2 Nxe3 14. fxe3
Qd7 15. Kh1 e6 16. Rad1 Qe7 17. Nc3 Qb4 18. Qc2 Bd7 19. a3 Qb6 20. Na4 Qc7 21.
Nc5 Rac8 22. Rc1 Ne7 23. Qb3 Bc6 24. Nd3 Qb6 25. Qxb6 axb6 26. Nde5 Nf5 27. Nxc6
bxc6 28. Ba6 Ra8 29. Bb7 Rab8 30. Bxc6 Nxe3 31. Rfe1 Nf5 32. Rcd1 Rfd8 33. d5
Bxb2 34. dxe6 fxe6 35. a4 Bc3 36. Rxd8+ Rxd8 37. Rc1 Bb4 38. Bb5 Nd6 39. Be2 Bc5
40. g3 Ne4 41. Bc4 Kg7 42. Re1 Nf2+ 43. Kg2 Ng4 44. Kh3 Nf2+ 45. Kg2 Nd1 46. Kh3
Nf2+ 47. Kg2 1/2-1/2

[Event "46th Rilton Cup 2016-17"]
[Site "Stockholm SWE"]
[Date "2016.12.29"]
[Round "3.3"]
[White "Sokolov, Ivan"]
[Black "Hauge, Lars Oskar"]
[Result "1-0"]
[WhiteTitle "GM"]
[BlackTitle "IM"]
[WhiteElo "2632"]
[BlackElo "2431"]
[WhiteFideId "14400030"]
[BlackFideId "1509276"]
[EventDate "2016.12.27"]

1. d4 Nf6 2. c4 c5 3. d5 b5 4. Qc2 bxc4 5. e4 d6 6. Bxc4 g6 7. Nf3 Bg7 8. O-O
O-O 9. Re1 Ba6 10. Na3 Bxc4 11. Nxc4 Nbd7 12. Bd2 Nb6 13. Na5 Qd7 14. Rad1 Rfe8
15. b3 Rac8 16. Bc3 e6 17. dxe6 Rxe6 18. Ng5 Ree8 19. Qb2 Qe7 20. h3 Nh5 21. Nf3
Bxc3 22. Qxc3 Qf6 23. Qd2 Nf4 24. g3 Ne6 25. Kg2 Nd4 26. Nxd4 cxd4 27. Qxd4 Qxd4
28. Rxd4 d5 29. Kf1 dxe4 30. Rexe4 Rxe4 31. Rxe4 Rc2 32. Re2 Rc1+ 33. Kg2 Rc5
34. Nb7 Rd5 35. Rc2 Kf8 36. Nc5 a5 37. Ne4 Ke7 38. Rc7+ Nd7 39. Ra7 f5 40. Nc3
Rc5 41. Na4 Rb5 42. Nb2 f4 43. gxf4 1-0

[Event "46th Rilton Cup 2016-17"]
[Site "Stockholm SWE"]
[Date "2016.12.29"]
[Round "3.5"]
[White "Urkedal, Frode"]
[Black "Cruz Lledo, Pablo"]
[Result "0-1"]
[WhiteTitle "GM"]
[BlackTitle "FM"]
[WhiteElo "2557"]
[BlackElo "2415"]
[WhiteFideId "1506102"]
[BlackFideId "2297361"]
[EventDate "2016.12.27"]

1. d4 d5 2. c4 c6 3. Nc3 Nf6 4. e3 a6 5. Nf3 Bf5 6. Be2 e6 7. Nh4 Bg6 8. O-O
Nbd7 9. g3 Be7 10. Bd2 O-O 11. Nxg6 hxg6 12. Qc2 b5 13. c5 e5 14. b4 Ne8 15. a4
Nc7 16. Rfd1 f5 17. Qb3 Kh7 18. dxe5 Nxe5 19. axb5 axb5 20. Rxa8 Qxa8 21. Bc1
Bf6 22. Kg2 Nc4 23. Bb2 Ne6 24. Ra1 Qd8 25. Nd1 Nxb2 26. Nxb2 Ng5 27. h4 Ne4 28.
Rh1 Qe7 29. Bd3 Qe5 30. Nd1 Ra8 31. h5 g5 32. Re1 Ra1 33. Re2 Kh6 34. Ra2 g4 35.
Be2 Kxh5 36. Rxa1 Qxa1 37. f3 gxf3+ 38. Bxf3+ Kg6 39. g4 Qe5 40. gxf5+ Kxf5 41.
Bxe4+ Qxe4+ 42. Kf2 Bh4+ 43. Ke2 Qg2+ 44. Kd3 Be1 0-1

[Event "46th Rilton Cup 2016-17"]
[Site "Stockholm SWE"]
[Date "2016.12.29"]
[Round "3.6"]
[White "Tikkanen, Hans"]
[Black "Von Bahr, Oskar"]
[Result "1/2-1/2"]
[WhiteTitle "GM"]
[BlackTitle "FM"]
[WhiteElo "2531"]
[BlackElo "2357"]
[WhiteFideId "1706446"]
[BlackFideId "1703250"]
[EventDate "2016.12.27"]

1. d4 Nf6 2. Bf4 g6 3. Nc3 d5 4. e3 c6 5. h4 h5 6. Be2 Qb6 7. Rb1 Bg7 8. Nf3 Bg4
9. Ne5 Bxe2 10. Qxe2 Nbd7 11. b4 e6 12. f3 Rc8 13. Na4 Qb5 14. Nc5 Qxe2+ 15.
Kxe2 Nxe5 16. Bxe5 b6 17. Nb7 Ke7 18. Rb3 Rb8 19. Bxb8 Rxb8 20. Nc5 bxc5 21.
bxc5 Ra8 22. Rb7+ Nd7 23. Rc7 Kd8 24. Rb7 Kc8 25. Rhb1 Bf6 26. g3 Bd8 27. R7b3
Rb8 28. e4 Rxb3 29. axb3 dxe4 30. fxe4 Nf6 31. Kf3 a5 32. c3 Kd7 33. b4 axb4 34.
e5 Nd5 35. cxb4 Nc3 36. Rf1 Nd5 37. Rb1 Nc3 38. Rf1 Nd5 39. Rb1 1/2-1/2

[Event "46th Rilton Cup 2016-17"]
[Site "Stockholm SWE"]
[Date "2016.12.29"]
[Round "3.7"]
[White "Ziegler, Ari"]
[Black "Swapnil, S. Dhopade"]
[Result "0-1"]
[WhiteTitle "IM"]
[BlackTitle "GM"]
[WhiteElo "2299"]
[BlackElo "2526"]
[WhiteFideId "1700987"]
[BlackFideId "5019184"]
[EventDate "2016.12.27"]

1. d4 Nf6 2. Bf4 d5 3. e3 c5 4. c3 Nc6 5. Nd2 cxd4 6. exd4 Bf5 7. Qb3 Qc8 8.
Ngf3 e6 9. Nh4 Be4 10. Nxe4 dxe4 11. g4 Be7 12. g5 Nd5 13. Bd2 h6 14. Nf5 exf5
15. Qxd5 Bxg5 16. Bxg5 hxg5 17. Qc5 Ne7 18. Qe5 f6 19. Qb5+ Qc6 20. Qb3 O-O-O
21. O-O-O Qd6 22. Kb1 Kb8 23. c4 Qb6 24. Qc3 Nc6 25. d5 Qxf2 26. c5 e3 27. Bb5
e2 28. Rc1 Rxd5 29. Bxc6 bxc6 30. a4 Qd4 31. Qa5 Qe4+ 32. Ka2 Rh4 33. b3 Qb4 0-1

[Event "46th Rilton Cup 2016-17"]
[Site "Stockholm SWE"]
[Date "2016.12.29"]
[Round "3.8"]
[White "Goganov, Aleksey"]
[Black "Sagit, Rauan"]
[Result "1-0"]
[WhiteTitle "GM"]
[BlackTitle "IM"]
[WhiteElo "2637"]
[BlackElo "2417"]
[WhiteFideId "24109959"]
[BlackFideId "1708376"]
[EventDate "2016.12.27"]

1. d4 f5 2. g3 Nf6 3. Bg2 g6 4. Nf3 Bg7 5. O-O O-O 6. c4 b6 7. Ne5 c6 8. b4 Ne4
9. Bb2 d6 10. Nd3 a5 11. Nd2 Nxd2 12. Qxd2 e5 13. b5 e4 14. Nf4 Re8 15. bxc6
Nxc6 16. Rab1 Ba6 17. Rfc1 Rb8 18. e3 Qd7 19. Ba3 Na7 20. Bf1 Rec8 21. h4 Rb7
22. d5 Qa4 23. Bxd6 Bxc4 24. Rxc4 Rxc4 25. Bxc4 Qxc4 26. Rc1 Qb5 27. Bc7 Qb4 28.
Qxb4 axb4 29. d6 1-0

[Event "46th Rilton Cup 2016-17"]
[Site "Stockholm SWE"]
[Date "2016.12.29"]
[Round "3.9"]
[White "Neiksans, Arturs"]
[Black "Houska, Jovanka"]
[Result "1-0"]
[WhiteTitle "GM"]
[BlackTitle "IM"]
[WhiteElo "2631"]
[BlackElo "2397"]
[WhiteFideId "11601388"]
[BlackFideId "405094"]
[EventDate "2016.12.27"]

1. e4 c6 2. d4 d5 3. Nc3 dxe4 4. Nxe4 Nf6 5. Nxf6+ exf6 6. c3 Bf5 7. Bd3 Bxd3 8.
Qxd3 Bd6 9. Qe4+ Qe7 10. Qxe7+ Kxe7 11. Ne2 Na6 12. Bf4 Nc7 13. O-O-O Rae8 14.
Rhe1 Bxf4+ 15. Nxf4+ Kd6 16. Nh5 Rxe1 17. Rxe1 Re8 18. Rf1 Ne6 19. g4 Ke7 20. f4
g6 21. Ng3 Nc7 22. Kd2 Kf8 23. Rf3 b5 24. Re3 Nd5 25. Rxe8+ Kxe8 26. f5 Ke7 27.
b3 Nb6 28. Kd3 Nd7 29. Ne4 h5 30. gxh5 gxf5 31. Ng3 f4 32. Nf5+ Ke6 33. h6 Nf8
34. Ke4 f3 35. Ng7+ Kd6 36. Kxf3 Kd5 37. Kf4 Kd6 38. Kf5 Ke7 39. Nh5 Nh7 40. h4
a5 41. a4 1-0

[Event "46th Rilton Cup 2016-17"]
[Site "Stockholm SWE"]
[Date "2016.12.29"]
[Round "3.10"]
[White "Antipov, Mikhail Al."]
[Black "Wallace, John Paul"]
[Result "1-0"]
[WhiteTitle "GM"]
[BlackTitle "IM"]
[WhiteElo "2580"]
[BlackElo "2387"]
[WhiteFideId "4107012"]
[BlackFideId "3200957"]
[EventDate "2016.12.27"]

1. e4 c5 2. Nf3 d6 3. d4 cxd4 4. Nxd4 Nf6 5. Nc3 a6 6. h3 e6 7. g4 Be7 8. g5
Nfd7 9. h4 b5 10. a3 Bb7 11. Be3 Nc6 12. Rg1 Rc8 13. Nxc6 Rxc6 14. f4 Rxc3 15.
bxc3 Qc7 16. Qd2 O-O 17. a4 Nc5 18. axb5 axb5 19. Bxc5 Qxc5 20. Qd4 Qc6 21. Ra5
e5 22. Qb4 exf4 23. Rxb5 d5 24. exd5 Bxb4 25. dxc6 Bxc3+ 26. Ke2 Bxc6 27. Rc5
Re8+ 28. Kd3 Re3+ 29. Kc4 Bd7 30. Bd3 Be1 31. Rf1 Bg3 32. Bf5 Be6+ 33. Kd4 g6
34. Bxe6 Rxe6 35. Rc7 Re8 36. c4 f3 37. Rxf7 Be5+ 38. Kd5 Kxf7 39. Rxf3+ Kg7 40.
Re3 Kf7 41. Rxe5 Rd8+ 42. Kc5 h6 43. Re4 hxg5 44. hxg5 Ra8 45. Kb6 Rb8+ 46. Kc6
Rb4 47. Kc5 Rb1 48. Re5 1-0

[Event "46th Rilton Cup 2016-17"]
[Site "Stockholm SWE"]
[Date "2016.12.29"]
[Round "3.11"]
[White "Akesson, Ralf"]
[Black "Kulaots, Kaido"]
[Result "1/2-1/2"]
[WhiteTitle "GM"]
[BlackTitle "GM"]
[WhiteElo "2417"]
[BlackElo "2556"]
[WhiteFideId "1700120"]
[BlackFideId "4500261"]
[EventDate "2016.12.27"]

1. d4 Nf6 2. c4 e6 3. Nf3 b6 4. g3 Ba6 5. b3 d5 6. cxd5 exd5 7. Bg2 Bb4+ 8. Bd2
Be7 9. O-O O-O 10. Nc3 Bb7 11. Rc1 Na6 12. Qc2 Re8 13. Qb2 h6 14. Rfd1 Qd7 15.
Ne5 Qf5 16. e3 c5 17. Qb1 Qxb1 18. Rxb1 cxd4 19. exd4 Nb4 20. Nb5 Rec8 21. Bh3
Rc2 22. a3 Na2 23. f3 Bc8 24. Bxc8 Rcxc8 25. Rb2 a6 26. Rxa2 axb5 27. Rda1 Ra7
28. Kf2 Bd6 29. Nd3 Nd7 30. a4 bxa4 31. Rxa4 Rac7 32. Ra8 Kf8 33. Ke2 1/2-1/2

[Event "46th Rilton Cup 2016-17"]
[Site "Stockholm SWE"]
[Date "2016.12.29"]
[Round "3.12"]
[White "Ivanov, Sergey"]
[Black "Nihal, Sarin"]
[Result "1-0"]
[WhiteTitle "GM"]
[BlackTitle "FM"]
[WhiteElo "2545"]
[BlackElo "2340"]
[WhiteFideId "4101375"]
[BlackFideId "25092340"]
[EventDate "2016.12.27"]

1. c4 c5 2. Nf3 Nc6 3. d4 cxd4 4. Nxd4 Nf6 5. Nc3 e6 6. g3 Qb6 7. Ndb5 Ne5 8.
Bg2 a6 9. Qa4 Rb8 10. Na3 Bxa3 11. Qxa3 Nxc4 12. Qb3 Qc5 13. O-O O-O 14. Bf4 d6
15. Rac1 b5 16. Qd1 h6 17. b3 e5 18. Bxh6 gxh6 19. bxc4 bxc4 20. Qd2 Kg7 21.
Rfd1 Rd8 22. Nd5 Nxd5 23. Bxd5 Be6 24. Rxc4 Qxd5 25. Qxd5 Bxd5 26. Rxd5 Rb2 27.
Ra5 Rxe2 28. Rxa6 Rb8 29. Rxd6 Rbb2 30. Rg4+ Kf8 31. Rf6 Ke7 32. Rf3 e4 33. Rf5
Ke6 34. Rgf4 Rxa2 35. Rf6+ Kd5 36. R4f5+ Kc4 37. Rxh6 e3 38. Rhf6 Red2 39. Kg2
e2 40. Re5 Rd1 41. Rf4+ Kd3 42. Re3+ Kd2 43. Rd4+ Ke1 44. Rde4 Rd5 45. Re7 Kd1
46. g4 f5 47. Kf3 fxg4+ 48. Kxg4 Ra4+ 49. f4 Rdd4 50. Rxe2 Rxf4+ 51. Kg3 Rg4+
52. Kf3 Rh4 53. Re1+ Kd2 54. R7e2+ Kd3 55. Re3+ Kd2 56. R1e2+ Kd1 57. Rd3+ Kc1
58. Kg2 Rag4+ 59. Rg3 Rc4 60. Kh1 Rc2 61. Rxc2+ Kxc2 62. Kg2 Kd2 63. h3 Ke2 64.
Rg4 Rh8 65. h4 Ke3 66. Kg3 Rh6 67. Ra4 Rg6+ 68. Kh3 Rg1 69. h5 Kf3 70. Kh4 Rb1
71. Rg4 Rb6 72. Rg6 Rb1 73. Kg5 Ke4 74. Kf6 Rb6+ 75. Kg5 Rb1 76. h6 Rb7 77. Re6+
Kd5 78. Re8 Ra7 79. Kg6 Ra6+ 80. Kg7 Ra7+ 81. Kg8 Ra1 82. h7 Rg1+ 83. Kf7 1-0

[Event "46th Rilton Cup 2016-17"]
[Site "Stockholm SWE"]
[Date "2016.12.29"]
[Round "3.13"]
[White "Mihajlov, Sebastian"]
[Black "Shyam, Sundar M."]
[Result "0-1"]
[WhiteTitle "FM"]
[BlackTitle "GM"]
[WhiteElo "2384"]
[BlackElo "2532"]
[WhiteFideId "1512110"]
[BlackFideId "5019141"]
[EventDate "2016.12.27"]

1. d4 Nf6 2. c4 e6 3. Nf3 d5 4. Nc3 Bb4 5. Qa4+ Nc6 6. Bg5 h6 7. Bxf6 Qxf6 8. e3
O-O 9. a3 Bxc3+ 10. bxc3 Qg6 11. Nh4 Qf6 12. Nf3 Bd7 13. Qc2 dxc4 14. Bxc4 Na5
15. Ne5 Qe7 16. Be2 c5 17. O-O Rfc8 18. Qe4 Be8 19. Bd3 g6 20. h4 cxd4 21. cxd4
Rc3 22. Qf4 g5 23. hxg5 hxg5 24. Qe4 f5 25. Qf3 Nc6 26. Nxc6 Bxc6 27. Qe2 Kg7
28. d5 Bxd5 29. e4 fxe4 30. Bxe4 Rh8 31. Bxd5 Qd6 32. f4 exd5 33. Rae1 Rf8 34.
Qg4 Qc5+ 35. Rf2 Qxf2+ 36. Kxf2 Rxf4+ 37. Qxf4 gxf4 38. Re7+ Kf6 39. Rxb7 Rxa3 0-1

[Event "46th Rilton Cup 2016-17"]
[Site "Stockholm SWE"]
[Date "2016.12.29"]
[Round "3.14"]
[White "Pavlovic, Milos"]
[Black "Ruecker, Benjamin"]
[Result "1-0"]
[WhiteTitle "GM"]
[WhiteElo "2500"]
[BlackElo "2275"]
[WhiteFideId "900389"]
[BlackFideId "4677110"]
[EventDate "2016.12.27"]

1. Nf3 d5 2. g3 Bg4 3. Bg2 Nd7 4. O-O c6 5. d4 e6 6. Nbd2 Ngf6 7. Re1 Be7 8. e4
O-O 9. c3 h6 10. h3 Bh5 11. Qb3 Qb6 12. exd5 Bxf3 13. Nxf3 cxd5 14. Bf4 a5 15.
Ne5 a4 16. Qxb6 Nxb6 17. b3 Ra7 18. c4 axb3 19. axb3 Rfa8 20. Rxa7 Rxa7 21. c5
Nbd7 22. Nxd7 Nxd7 23. Bxd5 Bf6 24. Be4 Bxd4 25. Rd1 Ra1 26. Rxa1 Bxa1 27. Be3 1-0

[Event "46th Rilton Cup 2016-17"]
[Site "Stockholm SWE"]
[Date "2016.12.29"]
[Round "3.15"]
[White "Zumsande, Martin"]
[Black "Hallman, Valo"]
[Result "1/2-1/2"]
[WhiteTitle "IM"]
[WhiteElo "2485"]
[BlackElo "2098"]
[WhiteFideId "4651324"]
[BlackFideId "508098"]
[EventDate "2016.12.27"]

1. e4 e5 2. Nf3 Nc6 3. d4 exd4 4. Nxd4 Bc5 5. Nxc6 Qf6 6. Qf3 Qxf3 7. gxf3 bxc6
8. Nc3 Ne7 9. Rg1 Ng6 10. Be3 Bxe3 11. fxe3 d6 12. O-O-O O-O 13. f4 a5 14. Rg5
Re8 15. Bd3 Re7 16. e5 Nf8 17. Ne4 dxe5 18. f5 g6 19. Rdg1 Ba6 20. c4 Rd8 21.
Kc2 Bc8 22. h4 h6 23. Rh5 Kh7 24. Nf6+ Kg7 25. Ng4 Bxf5 26. Rxf5 gxf5 27. Nxe5+
Kf6 28. Nxc6 Rde8 29. Nxe7 Rxe7 30. Rf1 Re5 31. e4 Ne6 32. exf5 Nc5 33. Rf3 Nxd3
34. Rxd3 Rxf5 35. Rd7 Rc5 36. Kc3 Ke6 37. Rd8 Rh5 38. Ra8 Kd6 39. Rf8 Ke7 40.
Rc8 Kd7 41. Rf8 Ke7 42. Rc8 1/2-1/2